[Event "MVP-ch Seniors op 17th"]
[Site "Binz"]
[Date "2017.12.07"]
[Round "9.15"]
[White "Tuertmann, Dieter"]
[Black "Dahlhaus, Friedhelm"]
[Result "1/2-1/2"]
[WhiteElo "1956"]
[BlackElo "2055"]
[PlyCount "76"]
[EventDate "2017.11.29"]
[EventType "swiss"]
[EventRounds "9"]
[EventCountry "GER"]
[SourceTitle "EXT 2019"]
[Source "ChessBase"]
[SourceDate "2018.10.10"]
[SourceVersion "1"]
[SourceVersionDate "2018.10.10"]
[SourceQuality "1"]

1. Nf3 d5 2. d4 Nf6 3. e3 Bf5 4. Bd3 Bxd3 5. Qxd3 c6 6. 0-0 e6 7. c4 Nbd7 8. a3 Bd6 9. Nc3 0-0 10. Re1 dxc4 11. Qxc4 e5 12. Qd3 Re8 13. Qf5 exd4 14. Nxd4 Qc7 15. g3 Be5 16. Rd1 Rad8 17. Qf3 Nc5 18. Rb1 a5 19. b4 Ne6 20. Nxe6 Rxe6 21. Bb2 axb4 22. axb4 Bxc3 23. Bxc3 Red6 24. Rxd6 Qxd6 25. Bxf6 Qxf6 26. Qxf6 gxf6 27. Rc1 Rd2 28. Rc4 Rb2 29. Kg2 Kf8 30. Re4 f5 31. Rd4 Ke7 32. h3 Ke6 33. g4 f6 34. Kg3 b5 35. Kf3 Rc2 36. gxf5+ Kxf5 37. Rf4+ Ke5 38. Re4+ Kf5 1/2-1/2

[Event "Wch Seniors 65 26th"]
[Site "Marianske Lazne"]
[Date "2016.11.27"]
[Round "8"]
[White "Dahlhaus, Friedhelm"]
[Black "Wahlbom, Magnus"]
[Result "1/2-1/2"]
[WhiteElo "2052"]
[BlackElo "2215"]
[PlyCount "50"]
[EventDate "2016.11.19"]
[EventType "swiss"]
[EventRounds "11"]
[EventCountry "CZE"]
[SourceTitle "CBM 175 Extra"]
[Source "ChessBase"]
[SourceDate "2016.12.12"]
[SourceVersion "1"]
[SourceVersionDate "2016.12.12"]
[SourceQuality "1"]

1. e4 c5 2. Nc3 e6 3. f4 Nc6 4. Bb5 Nd4 5. Nf3 a6 6. Bd3 Ne7 7. Nxd4 cxd4 8. Ne2 Nc6 9. b3 g6 10. Bb2 Bg7 11. 0-0 d6 12. Qe1 0-0 13. Qf2 e5 14. Bc4 Be6 15. d3 b5 16. Bxe6 fxe6 17. Qg3 exf4 18. Rxf4 Qe7 19. Raf1 Rxf4 20. Nxf4 Nb4 21. Qf2 Rf8 22. a3 Nc6 23. Qe2 Be5 24. Qg4 Qf6 25. g3 Re8 1/2-1/2

[Event "Wch Seniors 65 26th"]
[Site "Marianske Lazne"]
[Date "2016.11.23"]
[Round "5"]
[White "Dahlhaus, Friedhelm"]
[Black "Frick, Christoph"]
[Result "0-1"]
[WhiteElo "2052"]
[BlackElo "2275"]
[PlyCount "104"]
[EventDate "2016.11.19"]
[EventType "swiss"]
[EventRounds "11"]
[EventCountry "CZE"]
[SourceTitle "CBM 175 Extra"]
[Source "ChessBase"]
[SourceDate "2016.12.12"]
[SourceVersion "1"]
[SourceVersionDate "2016.12.12"]
[SourceQuality "1"]

1. e4 c6 2. d4 d5 3. exd5 cxd5 4. Bd3 Nc6 5. c3 Qc7 6. Ne2 Bg4 7. f3 Bd7 8. Bf4 e5 9. dxe5 Nxe5 10. Bxe5 Qxe5 11. 0-0 Bc5+ 12. Kh1 Nf6 13. Nd2 0-0-0 14. Nb3 Bd6 15. f4 Qe3 16. Rf3 Qb6 17. Qg1 Bc7 18. Qxb6 Bxb6 19. h3 Rhe8 20. Nbd4 Kb8 21. Kg1 Ne4 22. Rd1 Ba4 23. b3 Bd7 24. Bxe4 dxe4 25. Rff1 f5 26. Kf2 Re6 27. Ke3 Rd6 28. Rd2 Be8 29. Ng3 Bb5 30. Rfd1 g6 31. c4 Be8 32. b4 R6d7 33. c5 Bc7 34. Ne6 Rxd2 35. Rxd2 Rxd2 36. Kxd2 Bf7 37. Nxc7 Kxc7 38. a3 Kc6 39. Nf1 Kb5 40. Kc3 Ka4 41. Ne3 Kxa3 42. g4 fxg4 43. hxg4 Ka4 44. f5 gxf5 45. Nxf5 Be6 46. Nd6 Bxg4 47. Nxe4 h5 48. Nf2 Kb5 49. Ne4 h4 50. Nd6+ Kc6 51. Kd4 h3 52. b5+ Kc7 0-1

[Event "GER-chA Seniors 28th"]
[Site "Niederhausen"]
[Date "2016.08.13"]
[Round "1"]
[White "Dahlhaus, Friedhelm"]
[Black "Kierzek, Matthias"]
[Result "1/2-1/2"]
[WhiteElo "2013"]
[BlackElo "2217"]
[PlyCount "59"]
[EventDate "2016.08.13"]
[EventType "swiss"]
[EventRounds "9"]
[EventCountry "GER"]
[SourceTitle "EXT 2019"]
[Source "ChessBase"]
[SourceDate "2018.10.10"]
[SourceVersion "1"]
[SourceVersionDate "2018.10.10"]
[SourceQuality "1"]

1. e4 c6 2. d4 d5 3. exd5 cxd5 4. c4 Nf6 5. Nc3 Nc6 6. Bg5 Be6 7. Nf3 Qa5 8. Bxf6 exf6 9. Qb3 Bb4 10. c5 Bg4 11. 0-0-0 Bxf3 12. gxf3 Bxc3 13. bxc3 0-0 14. Kb2 Rfd8 15. Bd3 Qc7 16. Rde1 Rab8 17. Ka1 b6 18. Qa3 Na5 19. cxb6 axb6 20. Bb5 Rdc8 21. Re3 Ra8 22. Qb4 g6 23. Rhe1 Qxh2 24. Be8 Qxf2 25. Bxf7+ Kxf7 26. Qe7+ Kg8 27. Qe6+ Kg7 28. Qe7+ Kg8 29. Qe6+ Kg7 30. Qe7+ 1/2-1/2

[Event "MVP-ch Seniors op 15th"]
[Site "Binz"]
[Date "2015.11.30"]
[Round "7.28"]
[White "Bussler, Juergen"]
[Black "Dahlhaus, Friedhelm"]
[Result "1/2-1/2"]
[WhiteElo "1765"]
[BlackElo "1899"]
[PlyCount "33"]
[EventDate "2015.11.24"]
[EventType "swiss"]
[EventRounds "9"]
[EventCountry "GER"]
[SourceTitle "EXT 2017"]
[Source "ChessBase"]
[SourceDate "2016.10.25"]
[SourceVersion "1"]
[SourceVersionDate "2016.10.25"]
[SourceQuality "1"]

1. d4 d5 2. c4 c6 3. Nc3 Nf6 4. Nf3 dxc4 5. e4 b5 6. a4 b4 7. Na2 Nxe4 8. Nxb4 e5 9. Nc2 Qa5+ 10. Bd2 Nxd2 11. Qxd2 Qxd2+ 12. Nxd2 exd4 13. Bxc4 Bc5 14. Nb3 Ba6 15. Bxa6 Nxa6 16. Nxc5 Nxc5 17. Nxd4 1/2-1/2

[Event "Schleswig Holstein-ch Seniors op 9th"]
[Site "Buesum"]
[Date "2015.10.02"]
[Round "5"]
[White "Dahlhaus, Friedhelm"]
[Black "Ackermann, Hans Werner"]
[Result "0-1"]
[WhiteElo "2121"]
[BlackElo "2333"]
[PlyCount "54"]
[EventDate "2015.09.28"]
[EventType "swiss"]
[EventRounds "9"]
[EventCountry "GER"]
[SourceTitle "EXT 2018"]
[Source "ChessBase"]
[SourceDate "2017.10.13"]
[SourceVersion "1"]
[SourceVersionDate "2017.10.13"]
[SourceQuality "1"]

1. e4 d6 2. d4 Nf6 3. Nc3 Nbd7 4. f4 e5 5. Nf3 exd4 6. Nxd4 g6 7. Bc4 Bg7 8. 0-0 0-0 9. Kh1 c6 10. Bb3 Nc5 11. e5 Bg4 12. exf6 Bxd1 13. fxg7 Kxg7 14. Rxd1 Re8 15. f5 g5 16. Bd2 d5 17. Rf1 h6 18. f6+ Kh7 19. h4 Qd7 20. Nf5 Re5 21. Ne7 Qg4 22. hxg5 Nxb3 23. axb3 d4 24. Rf4 Qh5+ 25. Kg1 dxc3 26. Bxc3 Rxg5 27. Rf3 Qxf3 0-1

[Event "Schleswig Holstein-ch Seniors op 9th"]
[Site "Buesum"]
[Date "2015.09.29"]
[Round "2"]
[White "Kluegel, Jan"]
[Black "Dahlhaus, Friedhelm"]
[Result "0-1"]
[WhiteElo "1882"]
[BlackElo "2121"]
[PlyCount "64"]
[EventDate "2015.09.28"]
[EventType "swiss"]
[EventRounds "9"]
[EventCountry "GER"]
[SourceTitle "EXT 2018"]
[Source "ChessBase"]
[SourceDate "2017.10.13"]
[SourceVersion "1"]
[SourceVersionDate "2017.10.13"]
[SourceQuality "1"]

1. d4 d5 2. Nf3 Nf6 3. Bf4 Bf5 4. c4 c6 5. Qb3 Qb6 6. c5 Qxb3 7. axb3 Nbd7 8. Nc3 h6 9. b4 g5 10. Bg3 Bg7 11. b5 0-0 12. Ne5 Nxe5 13. Bxe5 Nd7 14. bxc6 bxc6 15. Bxg7 Kxg7 16. b4 e5 17. e3 exd4 18. exd4 Nf6 19. Kd2 Rab8 20. b5 cxb5 21. Rxa7 b4 22. Na4 Ne4+ 23. Kc1 Nxf2 24. Rg1 Ra8 25. Rxa8 Rxa8 26. Bb5 Ra5 27. Bc6 Nd3+ 28. Kd2 b3 29. Kc3 b2 30. Kb3 Nxc5+ 31. Kb4 Rxa4+ 32. Bxa4 Nxa4 0-1

[Event "GER-chA Seniors 27th"]
[Site "Magdeburg"]
[Date "2015.08.21"]
[Round "7"]
[White "Manthey, Wolfgang"]
[Black "Dahlhaus, Friedhelm"]
[Result "1/2-1/2"]
[WhiteElo "1833"]
[BlackElo "2121"]
[PlyCount "79"]
[EventDate "2015.08.15"]
[EventType "swiss"]
[EventRounds "9"]
[EventCountry "GER"]
[SourceTitle "EXT 2018"]
[Source "ChessBase"]
[SourceDate "2017.10.13"]
[SourceVersion "1"]
[SourceVersionDate "2017.10.13"]
[SourceQuality "1"]

1. g3 d5 2. d4 Nf6 3. Bg2 Bf5 4. Nf3 e6 5. 0-0 Be7 6. b3 c5 7. Bb2 Nc6 8. a3 0-0 9. Nbd2 Rc8 10. e3 cxd4 11. exd4 Qb6 12. c4 dxc4 13. Nxc4 Qa6 14. Re1 b5 15. Ne3 Be4 16. Nh4 Bxg2 17. Kxg2 Rfd8 18. Nf3 Qb7 19. Kg1 Nd5 20. b4 Bf6 21. Ng4 Be7 22. Rc1 Nb6 23. Nfe5 Nxe5 24. Nxe5 Qd5 25. Nd3 Nc4 26. Ba1 Bf6 27. Nc5 Bxd4 28. Bxd4 Qxd4 29. Qe2 g6 30. Rcd1 Qf6 31. Rd7 Rxd7 32. Nxd7 Qe7 33. Rd1 f6 34. Qf3 Kf7 35. Qb7 Rd8 36. Qc7 Ke8 37. Qc6 Kf7 38. Qc7 Ke8 39. Qc6 Kf7 40. Qc7 1/2-1/2